| 000 | nam a22 a 4500 | ||
|---|---|---|---|
| 999 |
_c2435 _d2435 |
||
| 005 | 20170516123506.0 | ||
| 008 | 170516b1980 - ||||| |||| 00| 0 eng d | ||
| 020 | _a0871502852 | ||
| 040 | _aAKMAL | ||
| 082 | _a513.132 WIL | ||
| 090 |
_a513.132 _bWIL |
||
| 245 |
_aA FIRST COURSE IN COLLEGE MATHEMATICS _cMARGARET F. WILLERDING |
||
| 250 | _a4th ed | ||
| 260 |
_aBOSTON,UNITED STATES OF AMERICA _bPRINDLE, WEBER & SCHMIDT _c1980 |
||
| 300 |
_a408pg,; _c25 cm |
||
| 942 |
_2ddc _cBOOK |
||